000
00276nam a22001217a 4500
020
_a
81-8388-313-3
082
_a
000
_b
SPI/B
100
_a
SPIDER BOOKS
245
_a
MY PRE-SCHOOL BOOK OF BIRDS
260
_a
CHENNAI
_b
SPIDER BOOKS
650
_a
PICTURE BOOK
_z
INDIA
942
_c
BK
999
_c
4680
_d
4680